| 000 | 01313nam a2200313 a 4500 | ||
|---|---|---|---|
| 001 | 64448 | ||
| 003 | BD-RjUL | ||
| 005 | 20211209081318.0 | ||
| 008 | 170215s2004 enk b 001 0 eng d | ||
| 020 | _a0340614080 | ||
| 020 | _a0340614072 (pbk.) | ||
| 020 | _a0340614080 (hbk.) | ||
| 035 | _a(BD-RjUL)64578 | ||
| 040 |
_aTEF _cTEF _dBD-RjUL _beng |
||
| 041 | _aeng | ||
| 082 | 0 | 0 |
_a973.91 _223 _bHET 2004 |
| 100 | 1 |
_aHeale, M. J. _9191197 |
|
| 245 | 1 | 0 |
_aTwentieth-century America : _bpolitics and power in the United States, 1900-2000 / _cM.J. Heale. |
| 260 |
_aLondon : _bArnold ; _aNew York : _bDistributed in the U.S.A. by Oxford University Press, _c2004. |
||
| 300 |
_axi, 340 p. ; _c24 cm. |
||
| 504 | _aIncludes bibliographical references (p. [308]-324) and index. | ||
| 505 | 0 | _aThe progressive political order, 1900-33 -- The New Deal political order, 1933-69 -- The divided political order, 1969-2000. | |
| 650 | 0 |
_aPower (Social sciences) _zUnited States _xHistory _y20th century. _9191198 |
|
| 650 | 0 |
_aProgressivism (United States politics) _xHistory _y20th century. _9191199 |
|
| 650 | 0 |
_aNew Deal, 1933-1939. _9191200 |
|
| 650 | 0 |
_aDivided government _zUnited States _xHistory _y20th century. _9191201 |
|
| 651 | 0 |
_aUnited States _xPolitics and government _y20th century. _9172683 |
|
| 942 |
_2ddc _cBK |
||
| 999 |
_c64448 _d64448 |
||